Řezivost různě povrchově zpevněných rýchlořezných ocelí

Podrobná bibliografia
Hlavný autor: Zemčík, Oskar (Autor)
Médium: Článok
Jazyk:čeština
Fyzický popis:Tb. 1., lit. 4 zázn. v češ., nem.
Predmet:

MARC

LEADER 00000nab a2200000 a 4500
001 vtls000353455
003 SK-MaSNL
005 20260303215747.0
008 160202c xo 0 cze
015 |a SNBRB19rr/mm-uuuuu 
035 |a CL0353577 
040 |a SNKBUCL  |b slo  |c SNKBUCL  |e AACR2 
041 0 |a cze 
044 |a xo  |c SK 
080 |a 621.9.025:539.431  |2 1981 
080 |a 539.431  |2 1981 
100 1 |a Zemčík, Oskar  |4 aut  |9 780167 
245 1 0 |a Řezivost různě povrchově zpevněných rýchlořezných ocelí  |c Oskar Zemčík 
300 |b Tb. 1., lit. 4 zázn. v češ., nem. 
650 0 7 |a ocele rýchlorezné povrchovo spevnené  |2 snkbucl  |9 1252369 
650 0 7 |a rezné nástroje  |2 snkbucl  |9 69999 
650 0 7 |a hrdzavenie ocelí  |2 snkbucl  |9 1252370 
655 7 |a články z novín a časopisov  |2 snkbucl  |9 267496 
773 0 |t Náradie  |g Roč. 16(19), č. 1 (1989), s. 6-7 
850 |a Slovenská národná knižnica v Martine  |a MTA001 
852 |a SNK  |b KIS3GCP 
958 |a RK 
958 |a CZ 
992 |a RBX 
999 |c 2223112  |d 2225042